Word Scramble Geography by Letter - F - Statistics

General Stats
  • This quiz has been taken 426 times
  • The average score is 7 of 10
Answer Stats
Answer % Correct
Fiji
100%
Fuji
98%
Fez
96%
Fjord
93%
Franc
92%
Finland
90%
France
88%
Florida
85%
Faroe
82%
Falkland
73%
Filipino
72%
Funafuti
67%
Fort Worth
64%
Fresno
62%
Florence
61%
Frankfort
61%
Freetown
59%
Flanders
58%
Flagstaff
56%
Fairbanks
49%
No matching quizzes found
Score Distribution
Percent of People with Each Score
Percentile by Number Answered
Your Score History
You have not taken this quiz